| 000 | 01219cam a2200373Mi 4500 | ||
|---|---|---|---|
| 001 | 55203 | ||
| 005 | 20230410143525.0 | ||
| 008 | 070122s2006 sp 000 0 spa d | ||
| 035 | _a(OCoLC)ocm81251486 | ||
| 040 |
_aPL# _bspa _cPL# _dUNAMX |
||
| 020 | _a8496487113 | ||
| 020 | _a9788496487116 | ||
| 029 | 0 |
_aPL# _b070000442 |
|
| 035 | _a(OCoLC)81251486 | ||
| 050 | 1 | 4 |
_aRC 953.5 _bE61 2006 |
| 049 | _aGRAL | ||
| 245 | 0 | 0 |
_aEnvejecimiento activo : _benvejecimiento en positivo / _cJoaquin Giro Miranda (coordinador). |
| 260 |
_aLogroño : _bUniversidad de La Rioja, Servicio de Publicaciones, _c2006. |
||
| 300 |
_a254 p. ; _c24 cm. |
||
| 440 | 0 |
_aBiblioteca de investigacion / Universidad de La Rioja ; _v47 |
|
| 500 | _aIncluye referencias bibliograficas. | ||
| 650 | 0 | _aOlder people | |
| 650 | 0 | _aAging. | |
| 650 | 0 |
_aAging _xphysiology. |
|
| 650 | 0 |
_aQuality of Life _xAged. |
|
| 653 | _aEnvejecimiento | ||
| 653 | _aAncianos | ||
| 700 | 1 |
_aGiro Miranda, Joaquin, _ecoord. |
|
| 938 |
_aPuvill Libros _bPUVL _n9788496487116 _c$26.42 |
||
| 856 | 4 | 2 |
_3Más?... busque en WorldCat (solo desde FUNGLODE) _uwww.firstsearch.oclc.org/fsip |
| 942 |
_2lcc _cbk |
||
| 946 | _amfcruz | ||
| 994 |
_aC0 _bDRFGD |
||
| 999 |
_c103279 _d103279 |
||